Pestujeme kel

Bibliographic Details
Main Author: Viteková, Alžbeta (Author)
Format: Article
Language:Slovak
PhysicalDescription:Fotogr.
ISSN:0862-5565
Subjects:

MARC

LEADER 00000nab a2200000 a 4500
001 vtls009525457
003 SK-MaSNL
005 20260303060545.0
008 090613 2009 xo || |||| ||slo
015 |a SNBRB2009/06  |2 snkbucl 
038 |a SNKBUCL 
040 |a SNKBUCL  |b slo  |e AACR2  |c SNKBUCL 
041 0 |a slo 
044 |a xo  |c SK 
080 |a 635.347  |2 2001 
080 |a 635.36  |2 2001 
100 1 |a Viteková, Alžbeta  |4 aut  |9 689507 
245 1 0 |a Pestujeme kel  |c Alžbeta Viteková 
300 |b Fotogr. 
650 0 7 |a kel  |2 snkbucl  |9 25443 
650 0 7 |a pestovanie záhradných rastlín  |2 snkbucl  |9 30897 
773 0 |t Záhradkár  |g Roč. XLV, č. 5 (2009), s. 50-51  |x 0862-5565 
852 |a SNK  |b KIS3GCP 
999 |c 1731913  |d 1733843